000
00317nam a22001457a 4500
008
210511b ||||| |||| 00| 0 eng d
020
_a
571752557200349900000005
041
_a
eng
080
_2
2nd
_a
004
082
_a
004
100
_a
28
101
_a
SHKI
245
_a
VBScript
_c
Daniel Read
942
_2
udc
_c
BK
999
_c
57182
_d
57182